Vista normal
Vista MARC
Entrada Nombre personal
Número de registros utilizados en: 1
001 - NÚMERO DE CONTROL
- Campo de control: 37684
003 - IDENTIFICADOR DE NÚMERO DE CONTROL
- Campo de control: OSt
005 - FECHA Y HORA DE LA ULTIMA MODIFICACION
- Campo de control: 20151216110333.0
008 - ELEMENTOS DE DATOS DE LONGITUD FIJA
- Campo de longitud fija: 151210|| aca||aabn | a|a d
040 ## - FUENTE DE LA CATALOGACIÓN
- Agencia original de catalogación: OSt
100 1# - ENCABEZAMIENTO--NOMBRE DE PERSONA
- Nombre personal: Mayakovsky, Vladimir
- Fechas asociadas a un nombre: 1893-1930
400 1# - TRAZADO VEÁSE--NOMBRE DE PERSONA
- Nombre personal: Maiakovski, Vladimir Vladimirovitx
- Fechas asociadas a un nombre: 1893-1930
400 1# - TRAZADO VEÁSE--NOMBRE DE PERSONA
- Nombre personal: Magiakovskē, Vlantimir
- Fechas asociadas a un nombre: 1893-1930
400 1# - TRAZADO VEÁSE--NOMBRE DE PERSONA
- Nombre personal: Mayakowski, Vładimir
- Fechas asociadas a un nombre: 1893-1930
400 1# - TRAZADO VEÁSE--NOMBRE DE PERSONA
- Nombre personal: Majakowski, Władimir Władimirowicz
- Fechas asociadas a un nombre: 1893-1930
670 ## - FUENTE DE DATOS ENCONTRADOS
- Fuente de citación: Fichero de Autoridades Virtual Internacional, 10-12-2015